Iterative Approximation of Fixed Points

The aim of this monograph is to give a unified introductory treatment of the most important iterative methods for constructing fixed points of nonlinear contractive type mappings. It summarizes the most significant contributions in the area by presenting, for each iterative method considered (Picard...

Full description

Bibliographic Details
Main Author: Berinde, Vasile (Author)
Corporate Author: SpringerLink (Online service)
Format: Electronic eBook
Language:English
Published: Berlin, Heidelberg : Springer Berlin Heidelberg, 2007.
Series:Lecture Notes in Mathematics, 1912
Subjects:
Online Access:Full Text via HEAL-Link
LEADER 02907nam a22004935i 4500
001 978-3-540-72234-2
003 DE-He213
005 20131219133705.0
007 cr nn 008mamaa
008 100301s2007 gw | s |||| 0|eng d
020 |a 9783540722342  |9 978-3-540-72234-2 
024 7 |a 10.1007/978-3-540-72234-2  |2 doi 
040 |d GrThAP 
050 4 |a QA329-329.9 
072 7 |a PBKF  |2 bicssc 
072 7 |a MAT037000  |2 bisacsh 
082 0 4 |a 515.724  |2 23 
100 1 |a Berinde, Vasile.  |e author. 
245 1 0 |a Iterative Approximation of Fixed Points  |h [electronic resource] /  |c by Vasile Berinde. 
264 1 |a Berlin, Heidelberg :  |b Springer Berlin Heidelberg,  |c 2007. 
300 |a XV, 326 p.  |b online resource. 
336 |a text  |b txt  |2 rdacontent 
337 |a computer  |b c  |2 rdamedia 
338 |a online resource  |b cr  |2 rdacarrier 
347 |a text file  |b PDF  |2 rda 
490 1 |a Lecture Notes in Mathematics,  |x 0075-8434 ;  |v 1912 
505 0 |a Pre-Requisites of Fixed Points -- The Picard Iteration -- The Krasnoselskij Iteration -- The Mann Iteration -- The Ishikawa Iteration -- Other Fixed Point Iteration Procedures -- Stability of Fixed Point Iteration Procedures -- Iterative Solution of Nonlinear Operator Equations -- Error Analysis of Fixed Point Iteration Procedures. 
520 |a The aim of this monograph is to give a unified introductory treatment of the most important iterative methods for constructing fixed points of nonlinear contractive type mappings. It summarizes the most significant contributions in the area by presenting, for each iterative method considered (Picard iteration, Krasnoselskij iteration, Mann iteration, Ishikawa iteration etc.), some of the most relevant, interesting, representative and actual convergence theorems. Applications to the solution of nonlinear operator equations as well as the appropriate error analysis of the main iterative methods, are also presented. Due to the explosive number of research papers on the topic (in the last 15 years only, more than one thousand articles related to the subject were published), it was felt that such a monograph was imperatively necessary. The volume is useful for authors, editors, and reviewers. It introduces concrete criteria for evaluating and judging the plethora of published papers. 
650 0 |a Mathematics. 
650 0 |a Operator theory. 
650 0 |a Numerical analysis. 
650 0 |a Topology. 
650 1 4 |a Mathematics. 
650 2 4 |a Operator Theory. 
650 2 4 |a Numerical Analysis. 
650 2 4 |a Topology. 
710 2 |a SpringerLink (Online service) 
773 0 |t Springer eBooks 
776 0 8 |i Printed edition:  |z 9783540722335 
830 0 |a Lecture Notes in Mathematics,  |x 0075-8434 ;  |v 1912 
856 4 0 |u http://dx.doi.org/10.1007/978-3-540-72234-2  |z Full Text via HEAL-Link 
912 |a ZDB-2-SMA 
912 |a ZDB-2-LNM 
950 |a Mathematics and Statistics (Springer-11649)